00496nam a2200205Ia 4500003000400000005001700004008004100021020001800062040000700080041000800087082002100095100001900116245003600135260004800171300001200219365001300231650001200244650001500256700001900271OSt20250628090637.0210423s2009 xx 000 0 und d a9780521144667 cAL aeng a070.1 223bCERC aNick Ceramella aCambridge english for the media aNew DelhibCambridge University Pressc2009 a112bPB b350cINR aGeneral aMass Media aLee, Elizabeth